000 00692nam a2200289Ia 4500
005 20260324142202.0
008 008 260324s9999 xx 000 0 eng d
020 _a9780203222270
037 _aEBOOK
040 _aCRL
040 _beng
040 _cCRL
041 _2eng
041 _aeng
084 _qCRL
100 _aS.J. Neary; F.E. Brown; M.S. Symes
_91211012
245 4 _aThe Urban Experience
245 2 _bA People-Environment Perspective
260 _bTaylor and Francis
260 _c1995
365 _a
365 _b350
856 _uhttp://www.taylorfrancis.com/books/9780203222270
942 _cEBOOK
999 _c1814888
_d1814888